00429cam a22000977a 4500008004600000082001000046245009800056260008500154300000900239700008300248180718bnnigration xxu||||| |||| 00| 0 eng d aA6x71 aThe Canadian scenecby Canadian Citizenship Branch, Department of Citizenship and Innigration aOttawabCanadian Citizenship Branch, Department of Citizenship and Icnnigration a96p. aCanada. Department of Citizenship and Innigration. Canadian Citizenship Branch